Computer security : (Record no. 19346)
[ view plain ]
| 000 -LEADER | |
|---|---|
| fixed length control field | 01300cam a2200361 a 4500 |
| 001 - CONTROL NUMBER | |
| control field | 015894610 |
| 003 - CONTROL NUMBER IDENTIFIER | |
| control field | OSt |
| 005 - DATE AND TIME OF LATEST TRANSACTION | |
| control field | 20201128021247.0 |
| 008 - FIXED-LENGTH DATA ELEMENTS--GENERAL INFORMATION | |
| fixed length control field | 110914t2012 enka frb 001 0 eng d |
| 020 ## - INTERNATIONAL STANDARD BOOK NUMBER | |
| International Standard Book Number | 9780273764496 (pbk.) |
| 020 ## - INTERNATIONAL STANDARD BOOK NUMBER | |
| International Standard Book Number | 0273764497 (pbk.) |
| 040 ## - CATALOGING SOURCE | |
| Original cataloging agency | StDuBDS |
| Language of cataloging | eng |
| Transcribing agency | StDuBDS |
| Modifying agency | Uk |
| -- | EG-ScBUE |
| 082 04 - DEWEY DECIMAL CLASSIFICATION NUMBER | |
| Classification number | 005.8 |
| Edition number | 22 |
| Item number | STA |
| 100 1# - MAIN ENTRY--PERSONAL NAME | |
| Personal name | Stallings, William. |
| 9 (RLIN) | 2633 |
| 245 10 - TITLE STATEMENT | |
| Title | Computer security : |
| Remainder of title | principles and practice / |
| Statement of responsibility, etc | William Stallings, Lawrie Brown with contributions by Mick Bauer, Michael Howard. |
| 250 ## - EDITION STATEMENT | |
| Edition statement | 2nd ed., International ed. / |
| Remainder of edition statement | contributions by Arup Kumar Bhattacharjee, Soumen Mukherjee. |
| 260 ## - PUBLICATION, DISTRIBUTION, ETC. (IMPRINT) | |
| Place of publication, distribution, etc | Harlow : |
| Name of publisher, distributor, etc | Pearson Education Limited, |
| Date of publication, distribution, etc | c.2012. |
| 300 ## - PHYSICAL DESCRIPTION | |
| Extent | 810 p. : |
| Other physical details | ill. ; |
| Dimensions | 23 cm. |
| 500 ## - GENERAL NOTE | |
| General note | Previous ed.: Upper Saddle River, N.J. : Pearson Prentice Hall, 2008. |
| 500 ## - GENERAL NOTE | |
| General note | Text on inside cover. |
| 500 ## - GENERAL NOTE | |
| General note | Includes Internet access. |
| 500 ## - GENERAL NOTE | |
| General note | Index : p. 796-808. |
| 504 ## - BIBLIOGRAPHY, ETC. NOTE | |
| Bibliography, etc | Bibliography : p. 778-795. |
| 650 #7 - SUBJECT ADDED ENTRY--TOPICAL TERM | |
| Topical term or geographic name as entry element | Computer security. |
| Source of heading or term | BUEsh |
| 9 (RLIN) | 2637 |
| 651 ## - SUBJECT ADDED ENTRY--GEOGRAPHIC NAME | |
| Source of heading or term | BUEsh |
| 653 ## - INDEX TERM--UNCONTROLLED | |
| Resource For college | Informatics and Computer Science |
| Arrived date list | May2015 |
| 655 ## - INDEX TERM--GENRE/FORM | |
| Form subdivision | |
| -- | 34232 |
| 700 1# - ADDED ENTRY--PERSONAL NAME | |
| Personal name | Brown, Lawrence V. |
| 9 (RLIN) | 37991 |
| 700 1# - ADDED ENTRY--PERSONAL NAME | |
| Personal name | Bauer, Michael D. |
| 9 (RLIN) | 37992 |
| 700 ## - ADDED ENTRY--PERSONAL NAME | |
| Personal name | Howard, Michael, |
| 9 (RLIN) | 3483 |
| Dates associated with a name | 1965- |
| 700 1# - ADDED ENTRY--PERSONAL NAME | |
| Personal name | Mukherjee, Soumen |
| 9 (RLIN) | 32792 |
| 942 ## - ADDED ENTRY ELEMENTS (KOHA) | |
| Source of classification or shelving scheme | Dewey Decimal Classification |
| Withdrawn status | Item status | Source of classification or shelving scheme | Damaged status | Not for loan | Vendor | Home library | Current library | Shelving location | Date acquired | Source of acquisition | Cost, normal purchase price | Serial Enumeration / chronology | Total Checkouts | Total Renewals | Full call number | Barcode | Date last seen | Date last borrowed | Cost, replacement price | Koha item type |
|---|---|---|---|---|---|---|---|---|---|---|---|---|---|---|---|---|---|---|---|---|
| Dewey Decimal Classification | Alahram | Central Library | Central Library | Lower Floor | 13/05/2015 | 222.00 | 329 | 3 | 1 | 005.8 STA | 000038212 | 15/07/2025 | 12/11/2016 | 277.50 | Book - Borrowing |